| 000 | 00594 a2200169 4500 | ||
|---|---|---|---|
| 020 | _a8171007791 | ||
| 020 | _a9788171007790 | ||
| 090 |
_c2986 _d2986 |
||
| 100 | 1 | _aRathnaswamy, P. | |
| 245 | 1 | 0 |
_aCommunication management : _btheory and practice / _cP. Rathnaswamy. |
| 260 |
_a[S.l.] : _bDeep & Deep Publications, _c1997. |
||
| 300 | _a240 p. | ||
| 500 | _aHardcover. | ||
| 856 | 4 | 0 |
_3Amazon.com _uhttp://www.amazon.com/exec/obidos/ASIN/8171007791/chopaconline-20 |
| 856 | 4 | 0 |
_3Amazon customer reviews _uhttp://www.chopac.org/cgi-bin/tools/azrev.pl?q=8171007791 |
| 942 |
_aNBS _cBK _k658.45 RAT |
||
| 999 |
_c345476 _d345476 |
||